00725nam a22001937a 4500003000900000008004100009040007100050082001800121100003300139245003000172260003300202300004100235505015500276650002400431650002400455650001200479650001400491650002600505AR-CdUCM190221b ||||| |||| 00| 0 spa d aMUNICIPALIDAD PROVINCIAL DEL CUSCOcBIBLIOTECA MUNICIPAL DEL CUSCO a869.50 /bA58 aAngeles Caballero, Cesar A.  aLiteratura Peruana Ancash aLima bP.L. Villanuevac1967 a260 paginas bIlustraciones c21. cm aLiteratura popular -- Primeras aportaciones impresas -- Cinco versiones de una copla popular -- Sentido y vitalidad social -- Que hacer satírico ... aLiteratura Peruana  aLiteratura Popular  aTeatro  aPoesía  aNovela y Narración